Normal view
MARC view
- Electric Machinery And Transformers
Entry Topical Term
001 - CONTROL NUMBER
- control field: 122725
003 - CONTROL NUMBER IDENTIFIER
- control field: NUST
005 - DATE AND TIME OF LATEST TRANSACTION
- control field: 20240517165036.0
008 - FIXED-LENGTH DATA ELEMENTS
- fixed length control field: 240517|| aca||aabn | a|a d
040 ## - CATALOGING SOURCE
- Original cataloging agency: NUST
- Transcribing agency: NUST
150 ## - HEADING--TOPICAL TERM
- Topical term or geographic name entry element: Electric Machinery And Transformers
670 ## - SOURCE DATA FOUND
- Source citation: Work cat.: (NUST): Kosow, Irving L. 122724, Electric Machinery And Transformers, 2003.
